000 01078namaa2200289 i 4500
003 EG-GICUC
005 20260108122658.0
008 260104s1989 le |||jr|||| 000 p ara d
040 _aEG-GiCUC
_bara
_cEG-GiCUC
_dEG-GiCUC
_erda
082 0 4 _221
_a811.909
_bS9679
092 0 4 _221
_a811.909
_bS9679
099 _a811.909 S9679
100 1 _aسويدان، سامى
_eمؤلف.
245 1 _aفى النص الشعرى العربى :
_bمقاربات منهجية /
_cالدكتور سامى سويدان.
250 _aالطبعة الاولى
264 _aبيروت(لبنان) :
_bدار الأداب،
_c1989.
300 _a343 صفحة ؛
_c24 سم
336 _2rdacontent
_atext
337 _2rdamedia
_aUnmediated
338 _2rdacarrier
_avolume
504 _aيشتمل على ارجاعات ببليوجرافية.
541 _aد.جابر عصفور ؛
_bالقاهرة ؛
_cإهداء ؛
_d2024.
650 1 7 _aالشعر العربى
_xتاريخ ونقد
_yالقرن العشرون
_2qrmak
651 1 _2qrmak
905 _aAya
942 _2ddc
_cBK
_e21
_n0
999 _c177374
_d177374